Capitales dans leur langue maternelle n°2 - Statistiques

Statistiques générales
  • Ce quiz a été pris 147 fois
    146 depuis la dernière actualisation
  • Le résultat moyen est 16 sur 21
Statistiques - réponses
Nom natif Français % Correct
Lisboa Lisbonne
100%
La Habana La Havane
99%
London Londres
99%
Brüssel Bruxelles
98%
Ciudad de México Mexico
97%
Běijīng Pékin
97%
San Marino Saint Marin
96%
Status Civitatis Vaticanæ Vatican
94%
Cape Town Le Cap
91%
ʼAbū Ẓaby Abou Dabi
90%
Kinsásá Kinshasa
90%
Warszawa Varsovie
87%
Ulaanbaatar Oulan-Bator
82%
Helsingfors Helsinki
81%
Lëtzebuerg Luxembourg
63%
Muqdisho Mogadiscio
53%
Al-Qāhira Le Caire
46%
Juba Djouba
45%
Prešporok Bratislava
17%
Te Whanganui-a-Tara Wellington
13%
Tarāboulous Tripoli
10%
Aucun quiz correspondant
Distribution des résultats
% des personnes avec chaque résultat
Percentile par nombre de réponses
Votre historique - résultats
Vous n’avez pas pris ce quiz depuis la dernière actualisation